Monarchs of Spain Quiz Stats

 Plays Quiz Updated Mar 4, 2019

Score 0/21 Timer 07:00
8 Plays Today
Reigned Monarch % Correct
1516-1556Charles I
88.4%
1665-1700Charles II
87%
1759-1788Charles III
84.4%
1788-1808Charles IV
82.7%
2014-presentPhilip VI
81.2%
1556-1598Philip II
77.5%
1700-1724Philip V
74.1%
1724-1746Philip V
74.1%
1598-1621Philip III
73.9%
1621-1665Philip IV
73.7%
1975-2014John Charles I
64.7%
Reigned Monarch % Correct
1724Louis I
47.4%
1833-1868Isabell II
46.7%
1746-1759Ferdinand VI
43.8%
1808Ferdinand VII
41.2%
1813-1833Ferdinand VII
41.2%
1808-1813Joseph I
35%
1874-1885Alfonso XII
34.8%
1886-1931Alfonso XIII
33.2%
1516-1555Joanna
27.5%
1870-1873Amadeus I
27%

You're not logged in!

Compare scores with friends on all Sporcle quizzes.
OR
Log In

Sporcle TV

Today on Sporcle TV


Watch our educational content, quiz creation guides, and fun videos on Sporcle TV.

Show Comments

Extras

Top Quizzes Today


Score Distribution

Your Account Isn't Verified!

In order to create a playlist on Sporcle, you need to verify the email address you used during registration. Go to your Sporcle Settings to finish the process.

Report this User

Report this user for behavior that violates our Community Guidelines.

Details: